[Event "Junior Online 4NCL Division 3"]
[Site "online"]
[Date "2021.10.14"]
[EventDate "2021.10.14"]
[Round "5.33"]
[White "Balaggan, Karam S"]
[WhiteElo "1313"]
[WhiteTeam "Colchester Juniors B"]
[Black "Burrill, Edoardo"]
[BlackElo "1455"]
[BlackTeam "JHJ Shark Tank 4"]
[Result "1-0"]
[PlyCount "85"]

1. e4 e5 2. Nf3 Nc6 3. Bb5 Bc5 4. O-O d6 5. Re1 Nf6 6. c3 O-O 7. d4 exd4 8. cxd4 Bb6 9. Nc3 Bg4 10. Be3 Bxf3 11. gxf3 Bxd4 12. Bxd4 Nxd4 13. Qxd4 c6 14. Bf1 h6 15. Bg2 Nh7 16. f4 Qh4 17. Qe3 Nf6 18. Qg3 Qh5 19. Bf3 Qc5 20. f5 Rae8 21. Re2 Re7 22. Kh1 Rfe8 23. Rg1 Ng4 24. Qxg4 f6 25. Qh4 d5 26. Bh5 Rd8 27. Bg6 d4 28. Nd1 d3 29. Ree1 d2 30. Ref1 Qd4 31. Bh5 Rxe4 32. Qg3 Rd7 33. Bf3 Rf4 34. Ne3 Kf8 35. Rd1 Qe5 36. Nc4 Qd4 37. Ne3 Qe5 38. Ng2 Qd4 39. Ne1 Re7 40. Ng2 Qe5 41. Qxf4 Qxb2 42. Qxd2 Qe5 43. Rge1 1-0

[Event "Junior Online 4NCL Division 3"]
[Site "online"]
[Date "2021.10.14"]
[EventDate "2021.10.14"]
[Round "5.34"]
[White "Aserkoff, Daniel"]
[WhiteElo "1411"]
[WhiteTeam "JHJ Shark Tank 4"]
[Black "Beer, James"]
[BlackElo "1275"]
[BlackTeam "Colchester Juniors B"]
[Result "1-0"]
[PlyCount "51"]

1. e4 e5 2. Nf3 Nc6 3. d4 d6 4. dxe5 dxe5 5. Qxd8+ Nxd8 6. Nxe5 Nc6 7. Nxc6 bxc6 8. Bd3 Nf6 9. Nc3 Bb4 10. Bd2 O-O 11. a3 Ba5 12. O-O-O Bg4 13. f3 Bh5 14. b4 Bb6 15. Na4 Bd4 16. c3 Be5 17. g4 Bg6 18. f4 Bd6 19. f5 Nxg4 20. fxg6 hxg6 21. Rdf1 Nxh2 22. Rf2 Ng4 23. Rf3 Ne5 24. Rfh3 f6 25. Bc2 Nc4 26. Bb3 1-0

[Event "Junior Online 4NCL Division 3"]
[Site "online"]
[Date "2021.10.14"]
[EventDate "2021.10.14"]
[Round "5.35"]
[White "Groot Wassink, Leon"]
[WhiteElo "1455"]
[WhiteTeam "JHJ Shark Tank 4"]
[Black "Kanellopoulos, Nickolas"]
[BlackElo "1361"]
[BlackTeam "Colchester Juniors B"]
[Result "1-0"]
[PlyCount "91"]

1. e4 e5 2. Nf3 Nc6 3. Bb5 a6 4. Ba4 Be7 5. O-O Nf6 6. d3 b5 7. Bb3 O-O 8. c3 a5 9. Nbd2 a4 10. Bc2 d5 11. exd5 Nxd5 12. Re1 Bf6 13. Ne4 Re8 14. h3 Bf5 15. Ng3 Bg6 16. Be3 Nf4 17. Bxf4 exf4 18. Rxe8+ Qxe8 19. Ne2 Be5 20. Nxe5 Qxe5 21. d4 Bxc2 22. Qxc2 Qg5 23. Qe4 Qf6 24. Nxf4 Rd8 25. Re1 h6 26. Nh5 Qg5 27. Qxc6 Qxh5 28. Qxc7 Rf8 29. Qe5 Qxe5 30. Rxe5 Rb8 31. b4 f6 32. Rc5 Kf7 33. f3 Kg6 34. Kf2 f5 35. Ke3 Re8+ 36. Kf4 Rb8 37. g4 fxg4 38. hxg4 Kf6 39. Rc6+ Kf7 40. Kf5 Rb7 41. a3 Rb8 42. Rc7+ Kg8 43. d5 Rb6 44. Rc6 Rb7 45. d6 Rd7 46. Ke6 1-0

[Event "Junior Online 4NCL Division 3"]
[Site "online"]
[Date "2021.10.14"]
[EventDate "2021.10.14"]
[Round "5.36"]
[White "Salkauskas, Deimantas"]
[WhiteElo "1346"]
[WhiteTeam "Colchester Juniors B"]
[Black "Sisupalan, Beni"]
[BlackElo "1452"]
[BlackTeam "JHJ Shark Tank 4"]
[Result "0-1"]
[PlyCount "100"]

1. e4 e5 2. Nf3 Nc6 3. Bc4 Bc5 4. Nc3 Nf6 5. O-O d6 6. d3 Be6 7. Bg5 h6 8. Bh4 g5 9. Bg3 Nh5 10. Bxe6 fxe6 11. a3 Nf4 12. b4 Bb6 13. Na4 Qf6 14. Nxb6 axb6 15. b5 Ne7 16. c4 O-O 17. d4 exd4 18. Nxd4 Qxd4 19. Bxf4 Qxd1 20. Rfxd1 Rxf4 21. f3 g4 22. fxg4 Rxg4 23. Re1 e5 24. h3 Rg3 25. Kh2 Rgxa3 26. Rxa3 Rxa3 27. Rc1 Re3 28. Rc2 Rxe4 29. Rc3 Kg7 30. Rg3+ Kf6 31. Rf3+ Rf4 32. Rc3 Kf5 33. g4+ Ke4 34. Kg3 Kd4 35. Rc1 c6 36. bxc6 bxc6 37. h4 d5 38. cxd5 cxd5 39. Rc7 Rf7 40. g5 hxg5 41. hxg5 e4 42. Rb7 Nf5+ 43. Kg4 Rxb7 44. g6 e3 45. Kxf5 e2 46. Kf6 e1=Q 47. g7 Qf2+ 48. Kg6 Qg3+ 49. Kf5 Rf7+ 50. Ke6 Qg6# 0-1

[Event "Junior Online 4NCL Division 3"]
[Site "online"]
[Date "2021.10.14"]
[EventDate "2021.10.14"]
[Round "5.37"]
[White "Burrill, Edoardo"]
[WhiteElo "1455"]
[WhiteTeam "JHJ Shark Tank 4"]
[Black "Balaggan, Karam S"]
[BlackElo "1313"]
[BlackTeam "Colchester Juniors B"]
[Result "0-1"]
[PlyCount "82"]

1. e4 c5 2. Nf3 d6 3. d4 cxd4 4. Nxd4 Nf6 5. Nc3 Nc6 6. Bb5 Bd7 7. Bxc6 bxc6 8. O-O e5 9. Nb3 Be7 10. h3 O-O 11. Qf3 Be6 12. Qg3 Kh8 13. Nd2 Qc7 14. Nf3 Nh5 15. Qh2 Nf4 16. Bxf4 exf4 17. Qxf4 Rac8 18. Ng5 Kg8 19. Rae1 h6 20. Nf3 d5 21. Qxc7 Rxc7 22. exd5 cxd5 23. Ne5 Rb7 24. Re3 Rxb2 25. Nc6 Bc5 26. Rd3 Rc8 27. Ne5 Rd8 28. Na4 Bd6 29. Nc6 Rc8 30. Nd4 Rxa2 31. Nc3 Ra3 32. Ncb5 Rxd3 33. cxd3 Be5 34. Nxe6 fxe6 35. Nxa7 Rc3 36. Nc6 Bf6 37. d4 Rxc6 38. Ra1 Bxd4 39. Ra8+ Kh7 40. Kh2 Be5+ 41. Kh1 Rc1# 0-1

[Event "Junior Online 4NCL Division 3"]
[Site "online"]
[Date "2021.10.14"]
[EventDate "2021.10.14"]
[Round "5.38"]
[White "Beer, James"]
[WhiteElo "1275"]
[WhiteTeam "Colchester Juniors B"]
[Black "Aserkoff, Daniel"]
[BlackElo "1411"]
[BlackTeam "JHJ Shark Tank 4"]
[Result "0-1"]
[PlyCount "36"]

1. e4 c6 2. d4 d5 3. e5 c5 4. Nf3 Bg4 5. c3 Nc6 6. dxc5 Nxe5 7. Be2 Bxf3 8. Bxf3 Nxf3+ 9. Qxf3 e6 10. Bf4 Bxc5 11. b4 Bd6 12. O-O Nf6 13. Re1 Rc8 14. Na3 Bxf4 15. Qxf4 Rxc3 16. Nb5 Rc4 17. Rac1 Rxf4 18. Nc7+ Kf8 0-1

[Event "Junior Online 4NCL Division 3"]
[Site "online"]
[Date "2021.10.14"]
[EventDate "2021.10.14"]
[Round "5.41"]
[White "Pugh, Ben"]
[WhiteElo "993"]
[WhiteTeam "Barnet Knights D"]
[Black "Patel, Rohan"]
[BlackElo "1188"]
[BlackTeam "Edgware Gambits E"]
[Result "0-1"]
[PlyCount "42"]

1. d4 d5 2. Bf4 Nc6 3. e3 Nf6 4. Bd3 Bd7 5. c3 e6 6. Nf3 Be7 7. Nbd2 O-O 8. O-O Ne8 9. h3 Bd6 10. Qc2 Bxf4 11. exf4 g6 12. Be2 f5 13. Ne5 Nxe5 14. fxe5 Qe7 15. Rfe1 Bc6 16. Nb3 Ba4 17. Na5 Bxc2 18. Rac1 Ba4 19. Nxb7 Rb8 20. Na5 Rxb2 21. Nc6 Bxc6 0-1

[Event "Junior Online 4NCL Division 3"]
[Site "online"]
[Date "2021.10.14"]
[EventDate "2021.10.14"]
[Round "5.42"]
[White "Wilkinson, James"]
[WhiteElo "1167"]
[WhiteTeam "Edgware Gambits E"]
[Black "Thompson, Alex"]
[BlackElo "913"]
[BlackTeam "Barnet Knights D"]
[Result "0-1"]
[PlyCount "22"]

1. e4 e5 2. Bc4 Nf6 3. Nf3 Nxe4 4. Nxe5 Nd6 5. Qf3 Qe7 6. O-O Nxc4 7. Nxc4 Nc6 8. Nc3 Ne5 9. Nxe5 Qxe5 10. d3 Bd6 11. Bh6 Qxh2# 0-1

[Event "Junior Online 4NCL Division 3"]
[Site "online"]
[Date "2021.10.14"]
[EventDate "2021.10.14"]
[Round "5.43"]
[White "Marshall, Wilfred"]
[WhiteElo "886"]
[WhiteTeam "Barnet Knights D"]
[Black "Durling, Charlie"]
[BlackElo "1174"]
[BlackTeam "Edgware Gambits E"]
[Result "1-0"]
[PlyCount "31"]

1. e4 e6 2. Nf3 d5 3. exd5 exd5 4. d4 Nf6 5. Nc3 Bb4 6. Bd2 O-O 7. Bd3 Re8+ 8. Ne5 Ng4 9. O-O Nxe5 10. dxe5 Rxe5 11. Re1 Bxc3 12. Bxc3 Rxe1+ 13. Qxe1 Be6 14. Rd1 c6 15. Qe5 Nd7 16. Qxg7# 1-0

[Event "Junior Online 4NCL Division 3"]
[Site "online"]
[Date "2021.10.14"]
[EventDate "2021.10.14"]
[Round "5.44"]
[White "Wen, Liana"]
[WhiteElo "1154"]
[WhiteTeam "Edgware Gambits E"]
[Black "Greenberg, Sam"]
[BlackElo "600"]
[BlackTeam "Barnet Knights D"]
[Result "1-0"]
[PlyCount "53"]

1. d4 d5 2. c4 dxc4 3. e3 Nc6 4. Bxc4 Bf5 5. Qb3 e6 6. Nc3 Bb4 7. Qd1 Nf6 8. Nf3 Ne4 9. O-O Nxc3 10. bxc3 Bxc3 11. Bb2 Bxb2 12. Rb1 Ba3 13. Rb3 Bb4 14. a3 Ba5 15. Bb5 O-O 16. Ne5 Nxe5 17. dxe5 Qd5 18. Bd3 Rfd8 19. Rb5 Qa2 20. Rxa5 Bxd3 21. Re1 Bc2 22. Qf3 Rd2 23. Qxb7 Rad8 24. h3 Rd1 25. Rxd1 Rxd1+ 26. Kh2 Rf1 27. Qb8# 1-0

[Event "Junior Online 4NCL Division 3"]
[Site "online"]
[Date "2021.10.14"]
[EventDate "2021.10.14"]
[Round "5.45"]
[White "Patel, Rohan"]
[WhiteElo "1188"]
[WhiteTeam "Edgware Gambits E"]
[Black "Pugh, Ben"]
[BlackElo "993"]
[BlackTeam "Barnet Knights D"]
[Result "1-0"]
[PlyCount "103"]

1. e4 c5 2. Nf3 d6 3. Bb5+ Bd7 4. Bxd7+ Nxd7 5. Nc3 e6 6. d3 Be7 7. Be3 Ngf6 8. Qd2 O-O 9. O-O Qc7 10. Ne2 h6 11. c3 Ng4 12. d4 Rfe8 13. h3 Ngf6 14. Rad1 Nxe4 15. Qd3 Nef6 16. Bf4 Nd5 17. Be3 c4 18. Qe4 N5f6 19. Qc2 Nd5 20. Rde1 Nxe3 21. fxe3 Nf6 22. Nd2 Nh5 23. Qa4 Qc6 24. Qxc4 Qxc4 25. Nxc4 Bh4 26. Nxd6 Bxe1 27. Nxe8 Rxe8 28. Rxe1 Nf6 29. Nf4 Ne4 30. Nd3 Ng3 31. Nc5 Ne4 32. Nxe4 e5 33. Nd6 Rd8 34. Nxb7 Rd7 35. Nc5 Rc7 36. Na6 Rc6 37. Nb4 Rb6 38. dxe5 Re6 39. Nd3 Rxe5 40. Nxe5 f6 41. Nd7 g5 42. Rf1 f5 43. Nf6+ Kf7 44. Rxf5 Kg6 45. Rf1 h5 46. Ne4 h4 47. Rf6+ Kh5 48. c4 g4 49. hxg4+ Kxg4 50. g3 hxg3 51. Rg6+ Kf3 52. Nxg3 1-0

[Event "Junior Online 4NCL Division 3"]
[Site "online"]
[Date "2021.10.14"]
[EventDate "2021.10.14"]
[Round "5.46"]
[White "Thompson, Alex"]
[WhiteElo "913"]
[WhiteTeam "Barnet Knights D"]
[Black "Wilkinson, James"]
[BlackElo "1167"]
[BlackTeam "Edgware Gambits E"]
[Result "1-0"]
[PlyCount "31"]

1. b4 e6 2. Bb2 Bxb4 3. Bxg7 f6 4. Bxh8 Qe7 5. c3 Bc5 6. d4 Bb6 7. Nd2 Qa3 8. Nb1 Qb2 9. Nd2 Qxc3 10. Rc1 Qxd4 11. e3 Qh4 12. Ndf3 Ba5+ 13. Nd2 Nc6 14. Nf3 Qb4 15. Rc4 Qxc4 16. Bxc4 1-0

[Event "Junior Online 4NCL Division 3"]
[Site "online"]
[Date "2021.10.14"]
[EventDate "2021.10.14"]
[Round "5.47"]
[White "Durling, Charlie"]
[WhiteElo "1174"]
[WhiteTeam "Edgware Gambits E"]
[Black "Marshall, Wilfred"]
[BlackElo "886"]
[BlackTeam "Barnet Knights D"]
[Result "1-0"]
[PlyCount "85"]

1. d4 d5 2. c4 dxc4 3. e4 e6 4. Bxc4 Nc6 5. Nf3 Nf6 6. Nc3 Bb4 7. Qd3 Bd7 8. O-O O-O 9. a3 Bd6 10. e5 Nxd4 11. Qxd4 Bc6 12. exf6 Bxf3 13. gxf3 Qxf6 14. Qxf6 gxf6 15. Bh6 Rfe8 16. Kh1 Kh8 17. Rg1 Bc5 18. Ne4 Be7 19. Bb5 Rg8 20. Bd7 f5 21. Nc3 Bc5 22. Nb1 Bxf2 23. Rf1 Bd4 24. Nc3 Rad8 25. Bb5 Rg6 26. Bf4 Bxc3 27. bxc3 Rd5 28. Bxc7 Rc5 29. Bf4 Rxb5 30. a4 Rb2 31. c4 e5 32. Bxe5+ f6 33. Bxb2 Rg8 34. Bxf6+ Rg7 35. Rg1 Kg8 36. Rxg7+ Kf8 37. Re1 a5 38. Ree7 b5 39. Ref7+ Ke8 40. cxb5 h5 41. b6 f4 42. b7 h4 43. b8=R# 1-0

[Event "Junior Online 4NCL Division 3"]
[Site "online"]
[Date "2021.10.14"]
[EventDate "2021.10.14"]
[Round "5.48"]
[White "Greenberg, Sam"]
[WhiteElo "600"]
[WhiteTeam "Barnet Knights D"]
[Black "Wen, Liana"]
[BlackElo "1154"]
[BlackTeam "Edgware Gambits E"]
[Result "0-1"]
[PlyCount "140"]

1. e4 c5 2. Bc4 Nf6 3. e5 d5 4. exf6 exf6 5. Bb5+ Bd7 6. Nc3 d4 7. Bxd7+ Nxd7 8. Nd5 g6 9. d3 Bg7 10. Qe2+ Ne5 11. f4 O-O 12. fxe5 fxe5 13. c4 Qa5+ 14. Bd2 Qd8 15. Nf3 a6 16. Nxe5 Qh4+ 17. g3 Qd8 18. O-O-O Re8 19. Bf4 b5 20. cxb5 axb5 21. a3 Qxd5 22. Rde1 b4 23. Kb1 bxa3 24. bxa3 Rxa3 25. Qf2 Qb3+ 26. Qb2 Qa4 27. Nd7 Rxe1+ 28. Rxe1 h6 29. Qb8+ Kh7 30. Be5 Rb3+ 31. Qxb3 Qxb3+ 32. Kc1 Qxd3 33. Bxg7 Kxg7 34. Re7 c4 35. Nc5 Qa3+ 36. Kc2 Qxc5 37. Re4 d3+ 38. Kc3 Qd5 39. Rxc4 d2 40. Rd4 Qg2 41. Rd3 Qxh2 42. Rxd2 Qxg3+ 43. Rd3 Qc7+ 44. Kd4 f5 45. Rc3 Qd7+ 46. Ke3 Qe7+ 47. Kf4 Qe4+ 48. Kg3 Qg4+ 49. Kf2 h5 50. Rg3 Qf4+ 51. Rf3 Qd2+ 52. Kg3 Qe1+ 53. Rf2 Qe3+ 54. Rf3 Qe5+ 55. Rf4 g5 56. Kf3 Qxf4+ 57. Kg2 Qg4+ 58. Kf1 f4 59. Kf2 f3 60. Kf1 h4 61. Kf2 h3 62. Kf1 h2 63. Kf2 h1=Q 64. Ke3 Qhh3 65. Kf2 Qgg2+ 66. Ke3 Qe6+ 67. Kd4 Qd2+ 68. Kc5 Qc8+ 69. Kb6 Qb2+ 70. Ka7 Qbb7# 0-1

[Event "Junior Online 4NCL Division 3"]
[Site "online"]
[Date "2021.10.14"]
[EventDate "2021.10.14"]
[Round "5.51"]
[White "Wang, Xiling"]
[WhiteElo "889"]
[WhiteTeam "Harrow Juniors E"]
[Black "Sidana, Rishabh"]
[BlackElo "1399"]
[BlackTeam "Chess Challengers A"]
[Result "0-1"]
[PlyCount "62"]

1. e4 c5 2. Nf3 Nc6 3. Nc3 d6 4. d4 cxd4 5. Nxd4 Nf6 6. Bb5 Bd7 7. Bg5 e5 8. Bxf6 Qxf6 9. Nxc6 bxc6 10. Be2 Be7 11. O-O O-O 12. Bg4 Bxg4 13. Qxg4 Rab8 14. b3 Rfd8 15. f4 exf4 16. Rxf4 Qxc3 17. Raf1 Bf6 18. Rxf6 h5 19. Qg3 Qxg3 20. hxg3 gxf6 21. Rxf6 Kg7 22. Rf4 Rb4 23. c3 Rb6 24. g4 h4 25. g5 Rh8 26. Kf2 Ra6 27. g3 Rxa2+ 28. Kf3 h3 29. Kg4 h2 30. g6 h1=Q 31. gxf7 Qh5# 0-1

[Event "Junior Online 4NCL Division 3"]
[Site "online"]
[Date "2021.10.14"]
[EventDate "2021.10.14"]
[Round "5.52"]
[White "Subramanian, Ashwanth"]
[WhiteElo "1350"]
[WhiteTeam "Chess Challengers A"]
[Black "Patel-Davis, Riyan"]
[BlackElo "842"]
[BlackTeam "Harrow Juniors E"]
[Result "1-0"]
[PlyCount "29"]

1. e4 e5 2. Nf3 Nc6 3. Bc4 Bc5 4. Nc3 Nf6 5. d3 O-O 6. O-O d6 7. Bg5 Bg4 8. h3 Bxf3 9. Qxf3 Nd4 10. Qd1 Bb4 11. Nd5 Bc5 12. Nxf6+ gxf6 13. Bh6 Re8 14. Qg4+ Kh8 15. Qg7# 1-0

[Event "Junior Online 4NCL Division 3"]
[Site "online"]
[Date "2021.10.14"]
[EventDate "2021.10.14"]
[Round "5.53"]
[White "Horwood, Alexander"]
[WhiteElo "627"]
[WhiteTeam "Harrow Juniors E"]
[Black "Ray, Ayush"]
[BlackElo "1320"]
[BlackTeam "Chess Challengers A"]
[Result "0-1"]
[PlyCount "92"]

1. e4 e5 2. Nf3 Nc6 3. c3 d5 4. exd5 Qxd5 5. Qe2 Nf6 6. d4 e4 7. Nbd2 Bg4 8. h3 Bh5 9. Qe3 O-O-O 10. Ng5 Bd6 11. Bc4 Qa5 12. Bxf7 Bg6 13. Bxg6 hxg6 14. Nf7 Rhf8 15. Nxd8 Nxd8 16. O-O Qf5 17. Re1 Bf4 18. Qe2 Re8 19. a4 e3 20. Nf3 exf2+ 21. Kxf2 Rxe2+ 22. Rxe2 Ne4+ 23. Kg1 Ne6 24. Bxf4 Nxf4 25. Ree1 Nd3 26. Reb1 Qf4 27. Ne5 Nxe5 28. dxe5 Qxe5 29. Rd1 Qc5+ 30. Kh2 Qf2 31. Rd4 Qxb2 32. Re1 Nd6 33. Re3 b6 34. a5 Kb7 35. axb6 axb6 36. Re2 Qxe2 37. c4 Qe5+ 38. Kg1 Qxd4+ 39. Kh2 Qxc4 40. Kg1 b5 41. Kh2 Qf4+ 42. Kg1 b4 43. g3 Qd2 44. g4 b3 45. g5 b2 46. h4 b1=R# 0-1

[Event "Junior Online 4NCL Division 3"]
[Site "online"]
[Date "2021.10.14"]
[EventDate "2021.10.14"]
[Round "5.54"]
[White "Gupta, Shourya"]
[WhiteElo "1386"]
[WhiteTeam "Chess Challengers A"]
[Black "Shah, Kian"]
[BlackElo "590"]
[BlackTeam "Harrow Juniors E"]
[Result "1-0"]
[PlyCount "55"]

1. d4 d5 2. Bf4 Nc6 3. Nf3 Nf6 4. e3 Bg4 5. Be2 e6 6. h3 Bxf3 7. Bxf3 Bb4+ 8. Nd2 O-O 9. a3 Ba5 10. b4 Bb6 11. c4 Nxd4 12. exd4 Bxd4 13. Rb1 Nh5 14. Bxh5 Bc3 15. O-O Qh4 16. Bg3 Qd4 17. Nf3 Qxd1 18. Rfxd1 dxc4 19. Rdc1 Bd2 20. Nxd2 c3 21. Rxc3 Rad8 22. Nf3 b5 23. Rxc7 g6 24. Bg4 Rd3 25. Ne5 Rxa3 26. Nc6 a5 27. Be5 axb4 28. Ne7# 1-0

[Event "Junior Online 4NCL Division 3"]
[Site "online"]
[Date "2021.10.14"]
[EventDate "2021.10.14"]
[Round "5.55"]
[White "Sidana, Rishabh"]
[WhiteElo "1399"]
[WhiteTeam "Chess Challengers A"]
[Black "Wang, Xiling"]
[BlackElo "889"]
[BlackTeam "Harrow Juniors E"]
[Result "1-0"]
[PlyCount "49"]

1. e4 d5 2. exd5 c6 3. Nc3 cxd5 4. d4 Nc6 5. Nf3 Nf6 6. Bb5 Bg4 7. Be3 Ne4 8. h3 Nxc3 9. bxc3 Bxf3 10. Qxf3 Qa5 11. Qxd5 Qxc3+ 12. Kf1 Qxa1+ 13. Ke2 Qxh1 14. Bxc6+ bxc6 15. Qxc6+ Kd8 16. Qxa8+ Kd7 17. Qd5+ Ke8 18. Qc6+ Kd8 19. Qd5+ Kc7 20. Bf4+ Kb6 21. Qc5+ Kb7 22. Qb5+ Kc8 23. Qc6+ Kd8 24. Qc7+ Ke8 25. Qc8# 1-0

[Event "Junior Online 4NCL Division 3"]
[Site "online"]
[Date "2021.10.14"]
[EventDate "2021.10.14"]
[Round "5.56"]
[White "Patel-Davis, Riyan"]
[WhiteElo "842"]
[WhiteTeam "Harrow Juniors E"]
[Black "Subramanian, Ashwanth"]
[BlackElo "1350"]
[BlackTeam "Chess Challengers A"]
[Result "0-1"]
[PlyCount "154"]

1. e4 e5 2. Nf3 Nc6 3. Nc3 Bc5 4. Nxe5 Bxf2+ 5. Kxf2 Nxe5 6. Kg1 d6 7. d4 Ng6 8. Bc4 N8e7 9. Qf1 O-O 10. Bg5 h6 11. Bxe7 Qxe7 12. Nd5 Qxe4 13. Nxc7 Qxd4+ 14. Qf2 Qxf2+ 15. Kxf2 Rb8 16. Nb5 Ne5 17. Bd3 Nxd3+ 18. cxd3 Bf5 19. Nxd6 Bxd3 20. Rad1 Bh7 21. Rhe1 b5 22. b3 Bg6 23. a4 bxa4 24. bxa4 Bc2 25. Rc1 Bxa4 26. Ra1 Rb4 27. Re7 a6 28. Ra7 Bb5 29. Nb7 Rb2+ 30. Ke3 Rxg2 31. h4 Rh2 32. Nc5 Rxh4 33. Nxa6 Re8+ 34. Kf3 Be2+ 35. Kg3 Rg4+ 36. Kf2 Rf4+ 37. Kg3 Rg4+ 38. Kf2 Bxa6 39. R7xa6 Re6 40. Ra8+ Kh7 41. R8a7 Rf6+ 42. Ke3 Rg5 43. R1a4 Re5+ 44. Kd3 Rd6+ 45. Kc4 Re4+ 46. Kc5 Rxa4 47. Rxa4 Rf6 48. Kd5 g5 49. Ke5 Kg6 50. Ra8 Rf5+ 51. Kd6 Rf6+ 52. Ke5 Re6+ 53. Kd4 f5 54. Rg8+ Kh5 55. Rf8 f4 56. Rd8 Kg4 57. Ra8 h5 58. Ra1 Re3 59. Rg1+ Rg3 60. Re1 h4 61. Ke4 Re3+ 62. Kd4 Rxe1 63. Kd3 Kf3 64. Kd2 Kf2 65. Kd3 h3 66. Kd4 Re3 67. Kc5 g4 68. Kd4 g3 69. Kc5 h2 70. Kd4 h1=Q 71. Kc5 g2 72. Kd4 g1=Q 73. Kc5 Qc1+ 74. Kd4 Qd2+ 75. Kc5 Qhc1+ 76. Kb5 Qdb2+ 77. Ka4 Qca1# 0-1

[Event "Junior Online 4NCL Division 3"]
[Site "online"]
[Date "2021.10.14"]
[EventDate "2021.10.14"]
[Round "5.57"]
[White "Ray, Ayush"]
[WhiteElo "1320"]
[WhiteTeam "Chess Challengers A"]
[Black "Horwood, Alexander"]
[BlackElo "627"]
[BlackTeam "Harrow Juniors E"]
[Result "1-0"]
[PlyCount "89"]

1. e4 c5 2. Nf3 g6 3. Bc4 Bg7 4. Nc3 d6 5. d3 Nf6 6. Be3 Bg4 7. h3 Bxf3 8. Qxf3 O-O 9. O-O Nc6 10. Rad1 a5 11. Rfe1 a4 12. a3 Qb6 13. Nb5 Ne8 14. c3 Nc7 15. Nxc7 Qxc7 16. Bd5 e6 17. Bxc6 Qxc6 18. d4 cxd4 19. Bxd4 e5 20. Be3 f5 21. exf5 Qxf3 22. gxf3 Rxf5 23. Rxd6 Rxf3 24. Kg2 Raf8 25. Rb6 R3f5 26. Rxb7 g5 27. Rb4 h5 28. Rxa4 g4 29. hxg4 hxg4 30. Rxg4 Rf3 31. Rd1 Kh8 32. Rd7 Bh6 33. Rh4 R8f6 34. Rxh6+ Kg8 35. Rxf6 Rxf6 36. c4 Rg6+ 37. Kf3 Rf6+ 38. Ke4 Rh6 39. c5 Rh4+ 40. Kd5 Rh5 41. c6 e4+ 42. Kd6 Rh6+ 43. Bxh6 Kh8 44. c7 Kg8 45. c8=R# 1-0

[Event "Junior Online 4NCL Division 3"]
[Site "online"]
[Date "2021.10.14"]
[EventDate "2021.10.14"]
[Round "5.58"]
[White "Shah, Kian"]
[WhiteElo "590"]
[WhiteTeam "Harrow Juniors E"]
[Black "Gupta, Shourya"]
[BlackElo "1386"]
[BlackTeam "Chess Challengers A"]
[Result "0-1"]
[PlyCount "72"]

1. e4 c5 2. Nf3 Nc6 3. e5 e6 4. d4 cxd4 5. Nxd4 Nxe5 6. Bf4 Ng6 7. Ne2 Bb4+ 8. c3 Be7 9. Nd4 Nxf4 10. Bd3 Nxg2+ 11. Kd2 Bg5+ 12. Kc2 Nf4 13. Qg4 Nxd3 14. Kxd3 h6 15. Qg3 Ne7 16. Nf3 Bf6 17. Nbd2 Nf5 18. Qf4 Qb6 19. Ne4 Qb5+ 20. c4 Qxb2 21. Rab1 Qa3+ 22. Ke2 Qxa2+ 23. Ke1 Qxb1+ 24. Ke2 Qxh1 25. Kd3 Qd1+ 26. Nfd2 Bg5 27. Nd6+ Nxd6 28. Qxd6 Qxd2+ 29. Ke4 Qxd6 30. c5 Qf4+ 31. Kd3 b6 32. c6 Ba6+ 33. Kc3 Qc4+ 34. Kb2 Bf6+ 35. Ka3 Qc3+ 36. Ka4 b5# 0-1

[Event "Junior Online 4NCL Division 3"]
[Site "online"]
[Date "2021.10.14"]
[EventDate "2021.10.14"]
[Round "5.61"]
[White "Morin, Julian"]
[WhiteElo "1049"]
[WhiteTeam "Barnet Knights C"]
[Black "Kammin, Samuel"]
[BlackElo "1715"]
[BlackTeam "Farnham Fantasticos A"]
[Result "0-1"]
[PlyCount "46"]

1. c4 e5 2. b3 Nc6 3. Bb2 f5 4. e3 Nf6 5. d4 Bb4+ 6. Bc3 d6 7. d5 Bxc3+ 8. Nxc3 Ne7 9. Nf3 O-O 10. Be2 Bd7 11. O-O Qe8 12. Qc2 h6 13. e4 f4 14. g3 g5 15. gxf4 g4 16. Nh4 exf4 17. e5 dxe5 18. Bd3 Qh5 19. Ng6 Nxg6 20. Bxg6 Qh3 21. Bf5 f3 22. Be6+ Kg7 23. Bxg4 Qg2# 0-1

[Event "Junior Online 4NCL Division 3"]
[Site "online"]
[Date "2021.10.14"]
[EventDate "2021.10.14"]
[Round "5.62"]
[White "Amos, Michael"]
[WhiteElo "1690"]
[WhiteTeam "Farnham Fantasticos A"]
[Black "Malus, Sean"]
[BlackElo "1084"]
[BlackTeam "Barnet Knights C"]
[Result "1-0"]
[PlyCount "81"]

1. e4 e5 2. Nf3 Nc6 3. Bc4 Bc5 4. b4 Bxb4 5. c3 Bc5 6. d4 Bd6 7. dxe5 Nxe5 8. Nxe5 Bxe5 9. f4 Bf6 10. Qd5 Bh4+ 11. g3 Qe7 12. gxh4 Qxh4+ 13. Ke2 Qg4+ 14. Ke3 Qe6 15. Qxe6+ dxe6 16. Ba3 Bd7 17. Rg1 Nf6 18. Rxg7 Rg8 19. Rxg8+ Nxg8 20. Nd2 O-O-O 21. Nf3 Nf6 22. h3 Rg8 23. Be7 Nh5 24. Rg1 Re8 25. Rg5 Rxe7 26. Rxh5 f6 27. e5 fxe5 28. Nxe5 Be8 29. Rh6 b6 30. Rxe6 Rg7 31. Rxe8+ Kb7 32. Rd8 Rg3+ 33. Kd4 Rxh3 34. Nf7 Rh2 35. Ke5 Rh5+ 36. f5 Rh4 37. Rd4 Rh2 38. Nd8+ Kc8 39. Ba6+ Kb8 40. Nc6+ Ka8 41. Rd8# 1-0

[Event "Junior Online 4NCL Division 3"]
[Site "online"]
[Date "2021.10.14"]
[EventDate "2021.10.14"]
[Round "5.65"]
[White "Kammin, Samuel"]
[WhiteElo "1715"]
[WhiteTeam "Farnham Fantasticos A"]
[Black "Morin, Julian"]
[BlackElo "1049"]
[BlackTeam "Barnet Knights C"]
[Result "1-0"]
[PlyCount "89"]

1. d4 d5 2. Nf3 Nc6 3. c4 e6 4. g3 g5 5. Bxg5 Be7 6. Bxe7 Ngxe7 7. Bg2 b6 8. O-O Bb7 9. Nc3 Qd7 10. cxd5 Nxd5 11. Nxd5 exd5 12. Ne5 Nxe5 13. dxe5 h5 14. h4 O-O-O 15. Rc1 c5 16. b4 Qe7 17. Qa4 Ba8 18. bxc5 bxc5 19. Qa6+ Kb8 20. Rb1+ Bb7 21. Rb3 Ka8 22. Qa5 c4 23. Rb5 Bc6 24. Bxd5 Bxd5 25. Rxd5 Qb7 26. Rxd8+ Rxd8 27. Qxd8+ Qb8 28. Qxb8+ Kxb8 29. Rc1 Kb7 30. Rxc4 Kb6 31. Kg2 a5 32. a4 Kb7 33. Kf3 Kb6 34. Kf4 Kb7 35. Kg5 Kb6 36. Kf6 Kb7 37. Kxf7 Kb6 38. e6 Kb7 39. e7 Kb6 40. e8=Q Kb7 41. Qc6+ Kb8 42. Qc7+ Ka8 43. Qc8+ Ka7 44. Rc7+ Kb6 45. Qb7# 1-0

[Event "Junior Online 4NCL Division 3"]
[Site "online"]
[Date "2021.10.14"]
[EventDate "2021.10.14"]
[Round "5.66"]
[White "Malus, Sean"]
[WhiteElo "1084"]
[WhiteTeam "Barnet Knights C"]
[Black "Amos, Michael"]
[BlackElo "1690"]
[BlackTeam "Farnham Fantasticos A"]
[Result "0-1"]
[PlyCount "42"]

1. e4 d5 2. Nc3 d4 3. Nd5 c6 4. Nf4 e5 5. Nd3 Bd6 6. Nf3 Bg4 7. g3 Nd7 8. a4 Qf6 9. Bg2 Ne7 10. h3 Bxf3 11. Bxf3 c5 12. Ra3 c4 13. b4 cxd3 14. cxd3 Bxb4 15. Rb3 Nc6 16. Ba3 Bxa3 17. Rxa3 Nc5 18. Ra1 Nxd3+ 19. Kf1 Ncb4 20. Rb1 Rc8 21. Bg4 Qxf2# 0-1

[Event "Junior Online 4NCL Division 3"]
[Site "online"]
[Date "2021.10.14"]
[EventDate "2021.10.14"]
[Round "5.68"]
[White "Vasudeva, Arya"]
[WhiteElo "1046"]
[WhiteTeam "Barnet Knights C"]
[Black "Amos, Alice"]
[BlackElo "1431"]
[BlackTeam "Farnham Fantasticos A"]
[Result "1-0"]
[PlyCount "58"]

1. e4 c6 2. d4 d5 3. exd5 cxd5 4. Nc3 Bf5 5. Bb5+ Nd7 6. Bxd7+ Bxd7 7. Nxd5 e6 8. Nc3 Bb4 9. Nf3 Nf6 10. Bd2 O-O 11. a3 Bxc3 12. Bxc3 Ne4 13. Qd3 Nxc3 14. bxc3 Rc8 15. Rb1 b6 16. Ne5 f6 17. Nxd7 Qxd7 18. O-O Qc7 19. c4 e5 20. dxe5 Qxe5 21. Rfe1 Qc7 22. Qb3 Qxc4 23. Qxc4+ Rxc4 24. Rb2 Rfc8 25. Re2 Rd8 26. Re1 Rcd4 27. Rbb1 Rd2 28. Rbd1 Rxd1 29. Rxd1 Rxd1# 1-0